000 00420nam a2200157 a 4500
003 DLC
005 20210219152751.0
022 _a0015-8119
035 _aUPN01000060445
245 0 0 _aFORTHCOMING BOOKS
260 _aEUA :
_bR.R. Bowker, Database Publishing Group
310 _aBimestral
505 0 _aInc. (1967-1986): Subject Guide to Forthcoming Books (ISSN 0000-0264)
905 _aRevista
999 _c60223
_d60223